Història d'un centenari : els pastorets els pastorets
Descripción Física:
41 p. : il. ; 24 cm
Materias:
Pastorets -- Ametlla de Merola
MARC
| LEADER | 00000nam a2200000Ia 4500 | ||
|---|---|---|---|
| 001 | 12657 | ||
| 003 | BGR | ||
| 005 | 20260324175317.0 | ||
| 008 | 160829s1978 xx 000 0 cat d | ||
| 080 | |a FU-15-33 | ||
| 245 | |a Història d'un centenari : |b els pastorets | ||
| 260 | |a Ametlla de Merola : |b Associació Cultural Esplai, |c 1978 | ||
| 300 | |a 41 p. : |b il. ; |c 24 cm | ||
| 590 | |a A la contracoberta: '1878-1978' | ||
| 650 | |a Pastorets |x Ametlla de Merola |9 26149 | ||
| 710 | 2 | |9 70418 |a Associació Cultural Esplai (Ametlla de Merola) | |
| 901 | |a Arxiu | ||
| 942 | |n 1 |2 udc |c MON | ||
| 952 | |0 0 |1 0 |4 0 |6 FU1533 |7 1 |9 43898 |a Arxiu |b Arxiu |d 2016-12-01 |l 0 |o FU-15-33 |p 12657 |r 2016-12-01 00:00:00 |w 2016-12-01 |y ARXIU | ||
| 999 | |c 46478 |d 46478 | ||